Zahrňovanie dotácií do základu dane u fyzických osôb

Spôsob zahrňovania dotácií do základu dane u daňovníkov – fyzických osôb (FO), ktorí vedú jednoduché účtovníctvo (JÚ) alebo daňovú evidenciu alebo uplatňujú tzv. „paušálne výdavky“. Ilustračné príklady.

Saved in:
Bibliographic Details
Main Author: Brnová, Miroslava
Format: Book Chapter
Language:Slovak
Subjects:
Tags: Add Tag
No Tags, Be the first to tag this record!

MARC

LEADER 00000naa a2200000 4500
001 0152949
005 20231208085031.6
041 0 |a slo 
044 |a SK 
245 1 0 |a Zahrňovanie dotácií do základu dane u fyzických osôb  |c Miroslava Brnová 
520 |a Spôsob zahrňovania dotácií do základu dane u daňovníkov – fyzických osôb (FO), ktorí vedú jednoduché účtovníctvo (JÚ) alebo daňovú evidenciu alebo uplatňujú tzv. „paušálne výdavky“. Ilustračné príklady. 
610 2 0 |a dane z príjmov 
610 2 0 |a základ dane 
610 2 0 |a základ vymeriavací 
610 2 0 |a osoby fyzické 
610 2 0 |a dotácie 
100 1 |a Brnová, Miroslava